• 首页
  • 本馆介绍
  • 公告通知
  • 最新文献
  • 馆藏检索
  • 电子资源
  • 读者导购
  • 参考咨询
  • 我的图书馆
  • 登录
  • 详细信息显示
  • 放入我的书架
  • 预约/预借图书
  • 作者相关作品
  • 分类相关作品
  • 丛书相关作品
  • 出版社相关作品

书目信息

  • 表格格式
  • 工作单格式
  • 卡片格式
题名:
诙词典
    
 
作者: 周立波 著
分册:  
出版信息: 上海   上海人民出版社  2009
页数: 187页
开本: 21cm
丛书名:
单 册:
中图分类: H173
科图分类:
主题词: 吴语--俗语--上海
电子资源:
ISBN: 978-7-208-08920-4
000 00689nam0 2200229 450
001 337981
005 20150529104549.71
010    @a978-7-208-08920-4@dCNY26.00
100    @a20100104d2009 em y0chiy50 ea
101 0  @achi
102    @aCN@b310000
105    @aa z 000yy
106    @ar
200 1  @a诙词典@Ahui ci dian@f周立波著
210    @a上海@c上海人民出版社@d2009
215    @a187页@c图@d21cm
330    @a本书由海派清口创始人周立波先生亲自编写, 集合了100余个体现海派文化灰色幽默的上海话词条, 以上海菜名将其分门别类。
606 0  @a吴语@x俗语@y上海
690    @aH173@v5
701  0 @a周立波@Azhou li bo@f(1967)@4著
801  0 @aCN@b卓展宏图@c20150525
905    @dH173@e44@f5
    
    诙词典/周立波著.-上海:上海人民出版社,2009
    187页:图;21cm
    
    
    ISBN 978-7-208-08920-4:CNY26.00
    本书由海派清口创始人周立波先生亲自编写, 集合了100余个体现海派文化灰色幽默的上海话词条, 以上海菜名将其分门别类。
●
相关链接 在E读中查询图书 在五车中查询图书 在当当中查询图书 在豆瓣中查询图书


正题名:诙词典     索取号:H173/44         预约/预借

序号 登录号 条形码 馆藏地/架位号 状态 备注
1 856973   208569734   第二样本阅览室/ [索取号:H173/44] 在馆    
2 856974   208569743   第四借阅区/ [索取号:H173/44] 在馆    
3 856975   208569752   第四借阅区/ [索取号:H173/44] 在馆    
4 856976   208569761   第四借阅区/ [索取号:H173/44] 在馆    
5 856977   208569770   第四借阅区/ [索取号:H173/44] 在馆    
唐山师范学院图书馆 欢迎您!
大连网信软件有限公司© 版权所有